| 000 | 01093cam a2200277 a 4500 | ||
|---|---|---|---|
| 999 |
_c128997 _d128997 |
||
| 001 | 88116 | ||
| 003 | ARRUPE | ||
| 005 | 20190214092311.0 | ||
| 008 | 951109s1995 sa 000 0 eng | ||
| 010 | _a 95223785 | ||
| 020 | _a1875053034 | ||
| 035 | _a(OCoLC)34561315 | ||
| 040 |
_aMCW _cMCW _dDLC |
||
| 042 | _alccopycat | ||
| 050 | 0 | 0 |
_aBS2555.2 _b.K544 1995 |
| 082 | 0 | 0 |
_a225.6 _221 |
| 100 | 1 |
_aKing, Nicholas, _d1947- _944635 |
|
| 245 | 1 | 0 |
_aSetting the Gospel free / _cNicholas King. |
| 260 |
_aPietermaritzburg, Republic of South Africa : _bCluster Publications ; _aJohannesburg : _bThorold's Africana Books [distributor], _c1995. |
||
| 300 |
_a142 p. ; _c21 cm. |
||
| 500 | _aBased on a series of lectures presented at the Catholic Theological Winter School, 1993. | ||
| 630 | 0 | 0 |
_aBible. _pGospels _xCriticism, interpretation, etc. _944636 |
| 906 |
_a7 _bcbc _ccopycat _d3 _encip _f19 _gy-gencatlg |
||
| 942 |
_2lcc _cMONOGRAPH |
||